Advanced Microprocessors and Peripherals (Record no. 195020)

MARC details
000 -LEADER
fixed length control field 00550nam a2200205Ia 4500
005 - DATE AND TIME OF LATEST TRANSACTION
control field 20260531145103.0
008 - FIXED-LENGTH DATA ELEMENTS--GENERAL INFORMATION
fixed length control field 260531s9999 xx 000 0 und d
020 ## - INTERNATIONAL STANDARD BOOK NUMBER
International Standard Book Number 9780070606586
041 ## - LANGUAGE CODE
Language code of text/sound track or separate title English
082 ## - DEWEY DECIMAL CLASSIFICATION NUMBER
Classification number 681.3.21.1 RAY
100 ## - MAIN ENTRY--PERSONAL NAME
Personal name Ray (A K)
245 #0 - TITLE STATEMENT
Title Advanced Microprocessors and Peripherals
250 ## - EDITION STATEMENT
Edition statement 2
260 ## - PUBLICATION, DISTRIBUTION, ETC.
Name of publisher, distributor, etc. Tata Mcgraw-Hill Publishing Company Limited
Place of publication, distribution, etc. New Delhi
Date of publication, distribution, etc. 2008
300 ## - PHYSICAL DESCRIPTION
Other physical details Paper Back
Extent 725+20
563 ## - BINDING INFORMATION
Binding note Paper Back
650 ## - SUBJECT ADDED ENTRY--TOPICAL TERM
Topical term or geographic name entry element  Microprocessors
700 ## - ADDED ENTRY--PERSONAL NAME
Personal name Bhurchandi (K M)
942 ## - ADDED ENTRY ELEMENTS (KOHA)
Koha item type Books
Holdings
Withdrawn status Lost status Damaged status Not for loan Home library Current library Shelving location Date acquired Total Checkouts Full call number Barcode Date last seen Price effective from Koha item type Public note
        Kumaraguru College of Technology Kumaraguru College of Technology MGCL Shelf No 608-617 2026-04-29   681.3.21.1 RAY Z 19186 2026-05-31 2026-05-31 Books CSE

Visitor Number: